000 01342nam a22002417a 4500
005 20150921103524.0
008 150917t2015 ck |||||r|||| 00| 0 spa d
020 _a9789588902678
040 _aCO-BoIAVH
_cCO-BoIAVH
041 0 _aspa
044 _ack
082 0 4 _a307.77
_bP73p2
110 2 _aPrograma de las Naciones Unidas para el Desarrollo (PNUD)
245 1 _aModos de vida en la Selva de Matavén
_banálisis basado en un proceso de investigación local /
_cPrograma de las Naciones Unidas para el Desarrollo
260 _aColombia:
_bPrograma de las Naciones Unidas para el Desarrollo,
_bAcatisema,
_bInstituto de Investigación de Recursos Biológicos Alexander von Humboldt,
_bGuiana Shield Facility,
_c2015.
300 _a31 páginas :
_bmapas, gráficos y fotografías a color ;
_c23 cm
500 _aProyecto regional fondo para la conservación del Escudo Guyanés-GSF Fortalecimiento de la gobernanza de las comunidades indígenas de la Selva de Matavén para la toma de decisiones participativas orientadas a la conservación del medio ambiente y la biodiversidad.
650 6 _aComunidades indígenas
_xCostumbres
650 4 _aComunidades indígenas
_xPrácticas
650 4 _aComunidades indígenas
_xVida
651 4 _aColombia
_zVichada
_zSelva de Matavén
942 _2ddc
_cFolleto
999 _c17781
_d17781